La enseñanza de la historia a través del medio /
Guardado en:
| Autor Principal: | |
|---|---|
| Formato: | Libro |
| Publicado: |
España :
Cincel-kapelusz,
1985
|
| Series: | Diálogos en educación, 10
|
| Materias: | |
| Etiquetas: |
Agregar Etiqueta
Sin Etiquetas, Sea el primero en etiquetar este registro!
|
| LEADER | 00534nam a22001815a 4500 | ||
|---|---|---|---|
| 001 | CEM.cems003936 | ||
| 005 | 19000101000000.0 | ||
| 008 | 130507s1985##################000#0#####d | ||
| 003 | CEMS | ||
| 082 | 0 | 4 | |a 372.83 |
| 100 | 1 | |a Luc, Jean Noël | |
| 245 | 1 | 0 | |a La enseñanza de la historia a través del medio / |
| 260 | |a España : |b Cincel-kapelusz, |c 1985 | ||
| 300 | |a 154 p. | ||
| 490 | 0 | |a Diálogos en educación, 10 | |
| 653 | |a Didactica de la historia | ||
| 653 | |a Educacion | ||
| 859 | |a CEMS |b BIB. CEMS - 11 de abril |h 372.83 |i L963 |p 14512.87 |t Ej.1 | ||
